000 00204nam a2200109Ia 4500
100 _aHARWELL/DAVID.
942 _cBK
245 _aFOUNDATION OF FEAR
260 _b#N/A
546 _aENGLISH
999 _c33834
_d33834